| 000 | 00736nam a22002417a 4500 | ||
|---|---|---|---|
| 001 | BR7375989 | ||
| 003 | BR-BrBNA | ||
| 005 | 20230928084451.0 | ||
| 007 | ta | ||
| 008 | 230509b bl.||||| |||| 00| 0 por d | ||
| 040 |
_aBR-BrBNA _bpor _cBiblioteca Nacional de Agricultura |
||
| 041 | _a(Por) | ||
| 072 |
_aB50; L00 _b5212 _b/G514 |
||
| 090 | _ 5212 BR7375989 | ||
| 100 | 1 | _aVianna, U. | |
| 245 | 1 | _aSobre o gado curraleiro, notas historicas, informacoes e dados para conhecimento e estudo das racas formadoras dos nossos bovinos [Brasil] | |
| 260 | 3 |
_aRio de Janeiro, GB (Brasil): _b"Jornal do Brasil", _c1927. |
|
| 300 | _a41 p. | ||
| 650 | _aBOVINO | ||
| 650 | _aRACA | ||
| 909 |
_a202309 _bLucia _c55 _dLucia Elande |
||
| 942 | _cBK | ||
| 999 |
_c19150 _d19150 |
||